| 000 | 00960nam a2200277 i 4500 | ||
|---|---|---|---|
| 001 | bg | ||
| 003 | KOSZ 005 | ||
| 005 | 20191003112819.0 | ||
| 008 | 080428s1963 pl a f f 000 0 pol | ||
| 015 | _aPB 1963/4274 | ||
| 040 |
_aWA N _cKOSZ 005/RW _dKOSZ 005/RW |
||
| 080 | _a669.14-426 | ||
| 080 | _a621.785 | ||
| 100 | 1 | _aBinder, Jerzy. | |
| 245 | 1 | 0 |
_aObróbka cieplna drutu stalowego / _cJerzy Binder. |
| 260 |
_aKatowice : _bŚląsk, _c1963. |
||
| 300 |
_a71, [1] s. : _bil. ; _c23 cm. |
||
| 380 | _aKsiążki | ||
| 504 | _aBibliogr. s. [72]. | ||
| 521 | 8 | _aDla robotników wykwalifikowanych, mistrzów i techników oraz słuchaczy średnich szkół technicznych. | |
| 650 | 4 |
_aDrut _xobróbka cieplna. |
|
| 650 | 4 |
_aStal _xobróbka cieplna. |
|
| 710 | 2 |
_aWydawnictwo "Śląsk" _4pbl. |
|
| 856 |
_uhttp://koha.tu.koszalin.pl/cgi-bin/koha/opac-detail.pl?biblionumber=11628 _yKatalog online BPK |
||
| 942 |
_2UKD _cKS |
||
| 999 |
_c11628 _d11628 |
||